000 00382nam a22001577a 4500
999 _c3672
_d3672
008 200625b ||||| |||| 00| 0 eng d
082 0 0 _a515.63
_bR9751
100 _93010
_aRutherford, D. E.
245 1 0 _aVector methods
_cD.E. Rutherford
250 _a9th ed.
260 _aEdinburg
_bOliver
_c1959
300 _aviii,135p.
365 _d5.07
650 0 _aMathematics
942 _cBK